00974nam a22002657a 45000010005000000030006000050050017000110080041000280200018000690400029000870500017001160820010001331000020001432450098001632500041002612600034003023000045003365050007003815200193003885210018005815210018005996500032006176500029006497000030006788189FISKH20250901144200.0250901b cb ||||| |||| 00| 0 eng d a9781338058154 aFISKHbengcFISKHdFISKH aPZ7.E24174 A a813.6 aEdinger, Monica aAfrica is my home :bA child of the Amistad /cBy Monica Edinger ; Illustrated by Robert Byrd aThis edition first published in 2013 aNew York :bScholastic,c2013 a57 pages :bcolor illustrations ;c23 cm aZ  aPresents a tale of a child who arrives in America on the slave ship Amistad describing her capture, her witness to a mutiny, and the Supreme Court trial that prompts her return to Africa. 8 a890 bLexile 8 aZ bRaz-Plus  2Historical fictionaSlavery 2African American History aByrd, Robertdillustrator